000 00883cam a2200277 4500
001 B2711
008 090401t xxu||||| |||| 00| 0 eng d
035 _a(Sirsi) u51612
041 _aeng
050 _a336.21
110 _aInstitute of Revenues, Rating and Valuation
_92992
245 4 _aThe contractor`s basis of valuation : the second report of a research group of the Rating and Valuation Association
260 _aLondon
_bIRRV Services Ltd.
_c1989-90
300 _alv.(loose-leaf) ; 21cm.
350 _a35
520 _aIRRV previously called Rating and Valuation Association. Includes a Scottish commentary.
650 _aCONTRACTORS BASIS
650 _aCONTRACTORS PRINCIPLE
650 _aRATES
650 _aRATING AND VALUATION ASSOCIATION
650 _aRATING
650 _aSCOTLAND
690 _aRATING AND VALUATION
942 _n0
948 _c04/03/1997
999 _c92924
_d92924